Biggest Religions in Melbourne - Statistics

General Stats
  • This quiz has been taken 262 times
    240 since last reset
  • The average score is 8 of 14
Answer Stats
Hint Answer % Correct
5.25% Islam
95%
20.82% Catholicism
90%
3.87% Buddhism
84%
4.13% Hinduism
84%
2.70% Christianity
76%
36.86% No Religion
74%
0.93% Judaism
68%
5.49% Anglicanism
58%
4.19% Eastern Orthodoxy
55%
1.73% Sikhism
49%
1.27% Baptist
26%
1.10% Presbyterian and Reformed
21%
1.68% Uniting Church
21%
0.88% Pentecostal
14%
No matching quizzes found
Score Distribution
Percent of People with Each Score
Percentile by Number Answered
Your Score History
You have not taken this quiz since the last reset